Napoleon : (Record no. 78882)

MARC details
000 -LEADER
fixed length control field 00543nam a22001937a 4500
005 - DATE AND TIME OF LATEST TRANSACTION
control field 20130904145139.0
010 ## - LCCN (DPL NO)
LC control number ENG-108441
020 ## - INTERNATIONAL STANDARD BOOK NUMBER
Terms of availability 250.00
International Standard Book Number 9788189297268
020 ## - INTERNATIONAL STANDARD BOOK NUMBER
Terms of availability 250.00
International Standard Book Number 8189297260
035 ## - SYSTEM CONTROL NUMBER
System control number EN-91974
037 ## - SOURCE OF ACQUISITION
Source of stock number/acquisition DBAD/PUB
082 ## - DEWEY DECIMAL CLASSIFICATION NUMBER
Classification number 920
245 ## - TITLE STATEMENT
Title Napoleon :
Remainder of title the little general
260 ## - PUBLICATION, DISTRIBUTION, ETC. (IMPRINT)
Place of publication, distribution, etc Delhi
Name of publisher, distributor, etc Vijay Goel
Date of publication, distribution, etc 2009
270 ## - ADDRESS
Address S-16, Naveen Shahdara,
City Delhi
Postal code 110032
300 ## - PHYSICAL DESCRIPTION
Extent 152p. :
Dimensions 22cm(Hb)
Other physical details ill.
490 ## - SERIES STATEMENT
Series statement The people,world will never forget
942 ## - ADDED ENTRY ELEMENTS (KOHA)
Source of classification or shelving scheme Dewey Decimal Classification
Item type English Books
Call number suffix NAP
Classification part 920
Holdings
Withdrawn status Lost status Not for loan Collection code Home library Current library Date acquired Source of acquisition Cost, normal purchase price Full call number Barcode Copy number Cost, replacement price Koha item type
    Not For Loan Non-fiction D.B.Act.Division D.B.Act.Division 29/08/2013 DBAD / PUB 250.00 920 NAP EN-91974 1 250.00 English Books

© Delhi Public Library
Hit Counter
free hit counter